Films en Noir et Blanc sortis il y a moins de 50 ans - Statistiques

Statistiques générales
  • Ce quiz a été pris 30 fois
  • Le résultat moyen est 8 sur 20
Statistiques - réponses
Réalisateur.ice Année Titre du film % Correct
Michel Hazanavicius 2011 The Artist
93%
Mathieu Kassovitz 1995 La Haine
87%
David Lynch 1980 Elephant Man
73%
Steven Spielberg * 1993 La liste de Schindler
70%
Martin Scorcese 1980 Raging Bull
60%
Rémy Belvaux André Bonzel Benoît Poelvoorde 1992 C'est arrivé près de chez vous
57%
Marjane Satrapi * 2007 Persepolis
40%
Robert Rodriguez Frank Miller 2005 Sin City
40%
Tim Burton 1994 Ed Wood
37%
Tim Burton 2012 Frankenweenie
37%
Woody Allen 1979 Manhattan
33%
François Ozon 2025 L’Étranger
27%
Jim Jarmusch 1995 Dead Man
23%
Jacques Audiard 2021 Les Olympiades
20%
Alfonso Cuarón 2018 Roma
20%
Robert Eggers 2019 The Lighthouse
20%
Paweł Pawlikowski 2018 Cold War
17%
Richard Linklater 2025 Nouvelle Vague
17%
Joel Coen Ethan Coen 2001 The Barber
17%
Paola Cortellesi 2023 Il reste encore demain
7%
Aucun quiz correspondant
Distribution des résultats
% des personnes avec chaque résultat
Percentile par nombre de réponses
Votre historique - résultats
Vous n’avez pas pris ce quiz